000 00650nam a2200241Ia 4500
005 20250425162208.0
008 250425s9999 xx 000 0 und d
020 _a8420533866
041 _aspa
082 _a332.6
100 _aHULL, JOHN C.
245 0 _aINTRODUCCION A LOS MERCADOS DE FUTUROS Y OPCIONES
250 _a4A ED.
260 _aEspaƱa
_bPEARSON EDUCACION
_c2002
260 _aMADRID
300 _a576
650 _aMERCADO DE FUTUROS
650 _aMERCADO DE FUTUROS - PROBLEMAS, EJERCICIOS
650 _aOPCIONES (FINANZAS)
650 _aOPCIONES (FINANZAS) - PROBLEMAS, EJERCICIOS
942 _c01
010 _a55457
999 _c224294
_d224294